|
|
|
|
| LEADER |
00000nam a2200000 a 4500 |
| 001 |
vtls001124098 |
| 003 |
SK-MaSNL |
| 005 |
20260301042704.0 |
| 008 |
250414s1987 xo 0 slo |
| 015 |
|
|
|a SNBA1988/03
|
| 035 |
|
|
|a SNK000066941
|
| 040 |
|
|
|a SNK
|b slo
|c SNK
|e AACR2
|
| 041 |
0 |
|
|a slo
|
| 044 |
|
|
|a xo
|c SK
|
| 080 |
|
|
|a 616-079.4(035)
|2 1981
|
| 100 |
1 |
|
|a Ferlinz, Rudolf
|4 aut
|9 346322
|
| 245 |
1 |
0 |
|a Diferenciálna diagnostika vo vnútornom lekárstve
|c Rudolf Ferlinz ; R. Besser, P. Endres, W. Fischer, G. Haferkamp, H. C. Hopl, F. J. Kessler, S. E. Miederer, V. Schulz, H. Simon, Rudolf Ferlinz, Milan Koška, Veronika Kramárová
|
| 250 |
|
|
|a 1. vyd.
|
| 260 |
|
|
|a Martin
|b Osveta
|c 1987
|e Martin
|f Tlačiarne SNP
|
| 300 |
|
|
|a 697 s., 36,76 AH
|b Tb. Sch. Grafy.
|c 20 cm
|
| 366 |
|
|
|e 10000 výtl.
|
| 500 |
|
|
|a Lit. 63. Reg. Zozn. tb. a obr. 63 zázn. v nem.
|
| 700 |
1 |
|
|a Besser, R.
|4 aut
|9 346323
|
| 700 |
1 |
|
|a Endres, P.
|4 aut
|9 346324
|
| 700 |
1 |
|
|a Fischer, W.
|4 aut
|9 346325
|
| 700 |
1 |
|
|a Haferkamp, G.
|4 aut
|9 346326
|
| 700 |
1 |
|
|a Hopl, H. C.
|4 aut
|9 346327
|
| 700 |
1 |
|
|a Kessler, F. J.
|4 aut
|9 346328
|
| 700 |
1 |
|
|a Miederer, S. E.
|4 aut
|9 346329
|
| 700 |
1 |
|
|a Schulz, V.
|4 aut
|9 346330
|
| 700 |
1 |
|
|a Simon, H.
|4 aut
|9 346331
|
| 700 |
1 |
|
|a Ferlinz, Rudolf
|4 com
|9 346322
|
| 700 |
1 |
|
|a Koška, Milan
|4 trl
|9 279389
|
| 700 |
1 |
|
|a Kramárová, Veronika
|4 bkd
|9 276980
|
| 852 |
|
|
|a Slovenská národná knižnica
|
| 954 |
|
|
|a medicína interná
|a diagnostika diferenciálna
|
| 958 |
|
|
|a OND
|
| 958 |
|
|
|a NB
|
| 958 |
|
|
|a DE
|
| 958 |
|
|
|a TL
|
| 958 |
|
|
|a OP
|
| 999 |
|
|
|c 591613
|d 593543
|
| 952 |
|
|
|t P60, <04>, [BOOK], {604}
|a SNK
|b SNK
|y VYP
|7 0
|p 17A0030181
|o snkSD 59636 D1
|0 0
|1 0
|4 0
|d 1997-01-08
|l 0
|r 2004-12-31 00:00:00
|w 2026-02-23
|